| 000 | 01066nam a22002177a 4500 | ||
|---|---|---|---|
| 003 | BD-DhUL | ||
| 005 | 20190616113148.0 | ||
| 008 | 190616s2018 bg a|||| |||| 00| 0 ben | ||
| 020 | _a9845603032 | ||
| 040 |
_aBD-DhUL _cBD-DhUL |
||
| 082 |
_a954.14 _bINB |
||
| 100 | 1 | _aইনাম-উল-হক, মুহাম্মদ । | |
| 245 | 1 | 0 |
_aবাংলার ইতিহাস : ভারতে ইংরেজ রাজত্বের সূচনাপর্ব (১৬৮৯-১৭২০) / _bমুহাম্মদ ইনাম-উল-হক । |
| 260 |
_aঢাকা : _bজাতীয় গ্রন্থ প্রকাশন, _c2018 . |
||
| 300 |
_a২১৫ পৃ. : _bচিত্র ; _c২২ সেমি.। |
||
| 365 |
_aBDT _b400 |
||
| 504 | _aগ্রন্থপঞ্জি : পৃ. ১৯৪ - ২০০ গ্রন্থপঞ্জিগত তথ্য ও নির্ঘন্ট সংবলিত । | ||
| 650 | 0 |
_a _zভারতবর্ষ _xই তিহাস |
|
| 650 | 0 |
_zIndia _xHistory |
|
| 942 |
_2ddc _cBK |
||
| 999 |
_c248409 _d248409 |
||